00772nam a22002417a 450000500170000001000130001702000240003003500130005403700160006704000120008308200160009510000230011124500490013426000450018327000140022830000240024250000190026665000250028565000370031094200250034799900190037295201390039120170124105935.0 aB-159222 a88176296252c550.00 aB-159222 bCen Lib/Ret aDPLbEN a327.73bBIN aBindra, S.S.99399 aUs foreigh policy process /cby S.S. Bindra  aNew DelhibDeep deep publications c2005 bNew Delhi axvi,255p.c25cm(Hb) aIncludes index aForeigh policy99400 aInternational relations 9108259 2ddccENh327.73mBIN c124117d124117 00104070aLbLd2015-06-13eCen Lib/Retg550.00l2o327.73 BINpB-159222r2019-05-18 00:00:00s2019-05-09t1v550.00w2015-06-13yEN